[Event "Oberliga Bayern 1920"]
[Site "Bayern"]
[Date "2020.09.13"]
[Round "8.2"]
[White "Klek, Hanna Marie"]
[Black "Loos, Roland"]
[Result "1/2-1/2"]
[WhiteElo "2309"]
[BlackElo "2309"]
[PlyCount "134"]
[EventDate "2019.10.20"]
[EventType "team-tourn"]
[EventRounds "9"]
[EventCountry "GER"]
[SourceTitle "EXT 2022"]
[Source "ChessBase"]
[SourceDate "2021.10.06"]
[SourceVersion "1"]
[SourceVersionDate "2021.10.06"]
[SourceQuality "1"]
[WhiteTeam "Erlangen SC"]
[BlackTeam "Regensburg Post/Sued"]
[WhiteTeamCountry "GER"]
[BlackTeamCountry "GER"]

1. e4 e6 2. d4 d5 3. Nd2 Nf6 4. e5 Nfd7 5. Bd3 c5 6. c3 Nc6 7. Ne2 cxd4 8. cxd4 f6 9. exf6 Qxf6 10. Nf3 h6 11. 0-0 Bd6 12. Ng3 0-0 13. Be3 Rd8 14. Bc2 Nf8 15. Re1 Bd7 16. Nh5 Qf7 17. Ne5 Bxe5 18. dxe5 Be8 19. Ng3 Qd7 20. f4 Bg6 21. Ba4 a6 22. Bb6 Rdc8 23. Qd2 Qf7 24. Rac1 Ne7 25. b4 h5 26. Ne2 Kh7 27. Kh1 Be4 28. Ng1 Qf5 29. Nf3 Bxf3 30. gxf3 Nfg6 31. Bc5 Qh3 32. Qf2 Nf5 33. Bd7 Nxf4 34. Bxc8 Nd3 35. Qg2 Qxg2+ 36. Kxg2 Nxe1+ 37. Rxe1 Rxc8 38. Re2 Kg6 39. f4 Rc6 40. Rb2 Kf7 41. a4 Ke8 42. a5 Kd7 43. Kf3 Rc8 44. Rb1 Kc6 45. Rg1 Kb5 46. Ke2 Kc6 47. Rg6 Kd7 48. Kd3 Rh8 49. Rg1 Re8 50. Rg5 Rh8 51. Rg1 Rc8 52. Rg5 h4 53. Rh5 Kc6 54. Rg5 Rh8 55. h3 Kd7 56. Rg6 Rc8 57. Kd2 Rc6 58. Rg5 Rc8 59. Rg6 Rc6 60. Rg5 Ke8 61. Kd3 Kf7 62. Rh5 Rc8 63. Rg5 Ng3 64. Rg4 Ne4 65. Kd4 Nd2 66. Kd3 Ne4 67. Kd4 Nd2 1/2-1/2

[Event "Oberliga Bayern 1819"]
[Site "Bayern"]
[Date "2018.12.16"]
[Round "4.1"]
[White "Sedlak, Nikola"]
[Black "Loos, Roland"]
[Result "1-0"]
[WhiteElo "2604"]
[BlackElo "2349"]
[PlyCount "63"]
[EventDate "2018.10.21"]
[EventType "team-tourn"]
[EventRounds "9"]
[EventCountry "GER"]
[SourceTitle "EXT 2020"]
[Source "ChessBase"]
[SourceDate "2019.10.17"]
[SourceVersion "1"]
[SourceVersionDate "2019.10.17"]
[SourceQuality "1"]
[WhiteTeam "Deggendorf"]
[BlackTeam "Regensburg Post/Sued"]
[WhiteTeamCountry "GER"]
[BlackTeamCountry "GER"]

1. d4 e6 2. Bf4 Nf6 3. e3 c5 4. c3 b6 5. Nd2 Bb7 6. Ngf3 Be7 7. h3 0-0 8. Bd3 cxd4 9. exd4 d6 10. 0-0 Nbd7 11. Re1 Re8 12. a4 a6 13. Nc4 Qc7 14. Nfd2 Bf8 15. Ne3 Bc6 16. Bf1 b5 17. a5 Qb7 18. Bh2 e5 19. Nc2 Nd5 20. c4 bxc4 21. Nxc4 Nf4 22. N2e3 Qb4 23. Rc1 Rac8 24. dxe5 dxe5 25. Nf5 Bb5 26. Bxf4 exf4 27. Rxe8 Rxe8 28. Ncd6 Bxf1 29. Nh6+ gxh6 30. Qg4+ Bg7 31. Nxe8 Ne5 32. Qxg7# 1-0

[Event "Oberliga Bayern 1819"]
[Site "Bayern"]
[Date "2018.10.21"]
[Round "1.1"]
[White "Heika, Martin"]
[Black "Loos, Roland"]
[Result "1-0"]
[WhiteElo "2375"]
[BlackElo "2349"]
[PlyCount "63"]
[EventDate "2018.10.21"]
[EventType "team-tourn"]
[EventRounds "9"]
[EventCountry "GER"]
[SourceTitle "EXT 2020"]
[Source "ChessBase"]
[SourceDate "2019.10.17"]
[SourceVersion "1"]
[SourceVersionDate "2019.10.17"]
[SourceQuality "1"]
[WhiteTeam "Kareth Lappersdorf"]
[BlackTeam "Regensburg Post/Sued"]
[WhiteTeamCountry "GER"]
[BlackTeamCountry "GER"]

1. e4 e6 2. d4 d5 3. Nc3 Nf6 4. e5 Nfd7 5. f4 c5 6. Nf3 Nc6 7. Ne2 Be7 8. c3 Qb6 9. a3 0-0 10. h4 cxd4 11. cxd4 f6 12. Neg1 fxe5 13. fxe5 Ndxe5 14. dxe5 Nxe5 15. Be2 Bc5 16. Nh3 Ng4 17. Rf1 Qd6 18. Qd3 e5 19. Nfg5 Rxf1+ 20. Kxf1 e4 21. Qb3 Bf5 22. Bf4 Qd7 23. Rd1 Rd8 24. Rxd5 Qxd5 25. Bc4 Be6 26. Bxd5 Bxd5 27. Qc3 Bb6 28. Qg3 Bc4+ 29. Ke1 e3 30. Qxg4 e2 31. Bd2 Rd4 32. Qc8+ 1-0

[Event "Oberliga Bayern 1718"]
[Site "Bayern"]
[Date "2018.04.15"]
[Round "9.1"]
[White "Zajogin, Alexander"]
[Black "Loos, Roland"]
[Result "0-1"]
[WhiteElo "2409"]
[BlackElo "2393"]
[PlyCount "130"]
[EventDate "2017.10.22"]
[EventType "team-tourn"]
[EventRounds "9"]
[EventCountry "GER"]
[SourceTitle "EXT 2020"]
[Source "ChessBase"]
[SourceDate "2019.10.17"]
[SourceVersion "1"]
[SourceVersionDate "2019.10.17"]
[SourceQuality "1"]
[WhiteTeam "Bayern Muenchen II"]
[BlackTeam "Regensburg Post/Sued"]
[WhiteTeamCountry "GER"]
[BlackTeamCountry "GER"]

1. d4 e6 2. c4 f5 3. Nc3 Nf6 4. Qc2 Bb4 5. a3 Bxc3+ 6. Qxc3 b6 7. f3 Bb7 8. e3 Nh5 9. Nh3 0-0 10. Bd3 Qh4+ 11. Nf2 d6 12. 0-0 Nd7 13. e4 e5 14. c5 exd4 15. Qc4+ d5 16. exd5 Nxc5 17. b4 Ba6 18. b5 Bb7 19. Nh3 Qd8 20. d6+ Kh8 21. Nf4 Nxf4 22. Bxf4 cxd6 23. Rad1 Qf6 24. Bb1 a6 25. Rfe1 d3 26. Bxd3 axb5 27. Qc2 Rxa3 28. Bxb5 d5 29. Be5 Qg6 30. Bd4 Ne6 31. Qb2 Rfa8 32. Bf2 Nf4 33. Bg3 Ra2 34. Qd4 Rxg2+ 35. Kh1 Rxg3 36. Qxf4 Rg2 37. Re7 h6 38. Rxb7 Raa2 39. Rd7 Qh5 40. Rd8+ Kh7 41. Qxf5+ Qxf5 42. Bd3 Rxh2+ 43. Kg1 Rag2+ 44. Kf1 Qxd3+ 45. Rxd3 Rb2 46. Kg1 Rhg2+ 47. Kf1 Rgc2 48. R8xd5 b5 49. Re3 Rc1+ 50. Re1 Rc3 51. Rf5 b4 52. Re2 Kg6 53. Rf4 Rxe2 54. Kxe2 b3 55. Rb4 Kf5 56. Rb7 g5 57. Rb6 h5 58. Kf2 Rc2+ 59. Kg3 b2 60. Rb5+ Ke6 61. f4 h4+ 62. Kg4 gxf4 63. Kxh4 f3 64. Kg3 f2 65. Kg2 Rc1 0-1

[Event "Oberliga Bayern 1718"]
[Site "Bayern"]
[Date "2018.02.04"]
[Round "6.1"]
[White "Jones, Gawain C B"]
[Black "Loos, Roland"]
[Result "1-0"]
[WhiteElo "2662"]
[BlackElo "2393"]
[PlyCount "77"]
[EventDate "2017.10.22"]
[EventType "team-tourn"]
[EventRounds "9"]
[EventCountry "GER"]
[SourceTitle "EXT 2020"]
[Source "ChessBase"]
[SourceDate "2019.10.17"]
[SourceVersion "1"]
[SourceVersionDate "2019.10.17"]
[SourceQuality "1"]
[WhiteTeam "Muenchen 36"]
[BlackTeam "Regensburg Post/Sued"]
[WhiteTeamCountry "GER"]
[BlackTeamCountry "GER"]

1. e4 e6 2. d4 d5 3. Nd2 Nf6 4. e5 Nfd7 5. Bd3 c5 6. c3 Nc6 7. Ne2 cxd4 8. cxd4 f6 9. exf6 Nxf6 10. Nf3 Bd6 11. 0-0 Qc7 12. Bd2 0-0 13. Rc1 Bd7 14. Re1 Rac8 15. Nc3 Qd8 16. Bg5 h6 17. Bh4 Bf4 18. Rc2 Nb4 19. Rce2 Nxd3 20. Qxd3 b5 21. Nxb5 Qa5 22. Nc3 Ne4 23. Qb1 Rxc3 24. bxc3 Nxc3 25. Qg6 Nxe2+ 26. Rxe2 e5 27. Nxe5 Bf5 28. Qd6 Rc8 29. f3 Rc1+ 30. Kf2 Bxh2 31. g4 Bg1+ 32. Kg3 Re1 33. Bd8 Qc3 34. Qxd5+ Kh7 35. Ba5 Rxe2 36. Bxc3 Bh2+ 37. Kh3 Bc2 38. Qb5 Rf2 39. Be1 1-0

[Event "Douglas IoM op"]
[Site "Douglas"]
[Date "2017.09.30"]
[Round "8"]
[White "Loos, Roland"]
[Black "Christiansen, Johan Sebastian"]
[Result "1-0"]
[WhiteElo "2393"]
[BlackElo "2457"]
[PlyCount "113"]
[EventDate "2017.09.23"]
[EventType "swiss"]
[EventRounds "9"]
[EventCountry "IOM"]
[SourceTitle "CBM 181"]
[Source "ChessBase"]
[SourceDate "2017.11.10"]
[SourceVersion "1"]
[SourceVersionDate "2017.11.10"]
[SourceQuality "1"]

1. d4 Nf6 2. Nf3 c5 3. d5 b5 4. Bg5 g6 5. Bxf6 exf6 6. e4 a6 7. a4 b4 8. Nbd2 Bg7 9. Nc4 0-0 10. Bd3 d6 11. 0-0 a5 12. Nfd2 Qc7 13. f4 Nd7 14. Qf3 Bb7 15. Kh1 Rae8 16. Rae1 Re7 17. Re2 Rfe8 18. Rfe1 Kh8 19. b3 Bc8 20. Ne3 Nb6 21. Bb5 Bd7 22. Bxd7 Nxd7 23. Nec4 Kg8 24. Re3 Bh6 25. h4 Nb8 26. Rf1 Qd8 27. Qh3 Bg7 28. Ref3 f5 29. exf5 Re1 30. fxg6 hxg6 31. h5 Qf6 32. Qg4 gxh5 33. Qxh5 Nd7 34. Qg4 Nf8 35. Qg5 Qd4 36. Nxd6 Qxd2 37. Nxe8 Rxe8 38. Rg3 Qd4 39. Rd3 Qe4 40. d6 Ne6 41. Qh4 Rd8 42. Qe7 Qh7+ 43. Rh3 Qf5 44. Rg3 Rf8 45. d7 Kh7 46. Rff3 Qf6 47. Rxg7+ Qxg7 48. Kh2 Rh8 49. d8Q Kg6+ 50. Qxh8 Qxh8+ 51. Rh3 Qc8 52. Rg3+ Kf5 53. Qxf7+ Ke4 54. Rg8 Qc6 55. Re8 Kd5 56. f5 Qc7+ 57. Qxc7 1-0

[Event "Regensburg Donau Cup"]
[Site "Regensburg"]
[Date "2017.05.28"]
[Round "7"]
[White "Hendriks, Willy"]
[Black "Loos, Roland"]
[Result "1/2-1/2"]
[WhiteElo "2385"]
[BlackElo "2373"]
[PlyCount "86"]
[EventDate "2017.05.24"]
[EventType "swiss"]
[EventRounds "7"]
[EventCountry "GER"]
[SourceTitle "CBM 178 Extra"]
[Source "ChessBase"]
[SourceDate "2017.06.22"]
[SourceVersion "1"]
[SourceVersionDate "2017.06.22"]
[SourceQuality "1"]

1. e4 e6 2. d4 d5 3. e5 c5 4. c3 Nc6 5. Nf3 Bd7 6. Be2 Nge7 7. 0-0 cxd4 8. cxd4 Nf5 9. Nc3 a6 10. a3 Rc8 11. Rb1 b5 12. Kh1 Qb6 13. Be3 Be7 14. Bd3 Nxe3 15. fxe3 b4 16. Ne2 Na5 17. Nf4 Bb5 18. axb4 Nc6 19. Bxb5 Qxb5 20. Qe1 g6 21. Qg3 h6 22. Ng1 Bxb4 23. Nge2 Ne7 24. Qh3 Rc2 25. Ng3 Bd2 26. Nxe6 fxe6 27. Qxe6 Rh7 28. Qf6 Bxe3 29. e6 Kd8 30. Qe5 Bf2 31. Qf4 Bxg3 32. Qxg3 Ke8 33. h3 Re2 34. Rf6 Qb6 35. Rbf1 Rxe6 36. Rf8+ Kd7 37. Rb8 Qc7 38. Qb3 Nf5 39. Rb7 Ng3+ 40. Kg1 Ne2+ 41. Kh1 Ng3+ 42. Kg1 Ne2+ 43. Kh1 Ng3+ 1/2-1/2

[Event "Zalakaros op 35th"]
[Site "Zalakaros"]
[Date "2016.05.30"]
[Round "4"]
[White "Efimenko, Zahar"]
[Black "Loos, Roland"]
[Result "1-0"]
[WhiteElo "2656"]
[BlackElo "2316"]
[PlyCount "107"]
[EventDate "2016.05.27"]
[EventType "swiss"]
[EventRounds "9"]
[EventCountry "HUN"]
[SourceTitle "CBM 172 Extra"]
[Source "ChessBase"]
[SourceDate "2016.06.21"]
[SourceVersion "1"]
[SourceVersionDate "2016.06.21"]
[SourceQuality "1"]

1. e4 e6 2. d4 d5 3. Nd2 Nf6 4. e5 Nfd7 5. Bd3 c5 6. c3 Nc6 7. Ne2 cxd4 8. cxd4 f6 9. exf6 Nxf6 10. Nf3 Bd6 11. 0-0 0-0 12. Bf4 Bxf4 13. Nxf4 Ne4 14. Qc1 Ng5 15. Nxg5 Qxg5 16. Ne2 Qf6 17. Qd2 Bd7 18. Rad1 Be8 19. Qe3 Bh5 20. Rd2 Rae8 21. Ng3 Bg6 22. Bb5 Rc8 23. Bxc6 Rxc6 24. Ne2 h6 25. h3 Bh5 26. f3 Bg6 27. Rc1 Rxc1+ 28. Nxc1 Rc8 29. Ne2 Rc6 30. Kh2 h5 31. Qf4 Qxf4+ 32. Nxf4 Bb1 33. Nxh5 Bxa2 34. Nf4 Bb1 35. h4 a5 36. Rd1 Bh7 37. Ra1 b6 38. Nh3 Kf8 39. Kg3 Rc4 40. Ng5 Bf5 41. Kf4 Rxd4+ 42. Ke5 Rxh4 43. g4 Bc2 44. Ra3 Rh2 45. Rc3 Ba4 46. b3 Be8 47. Rc7 Re2+ 48. Kd6 Kg8 49. Rc8 Kf8 50. Nxe6+ Kf7 51. Rc7+ Kg8 52. Rxg7+ Kh8 53. Rb7 a4 54. Rb8 1-0

[Event "Zalakaros op 35th"]
[Site "Zalakaros"]
[Date "2016.05.28"]
[Round "2"]
[White "Svane, Rasmus"]
[Black "Loos, Roland"]
[Result "1-0"]
[WhiteElo "2526"]
[BlackElo "2316"]
[PlyCount "99"]
[EventDate "2016.05.27"]
[EventType "swiss"]
[EventRounds "9"]
[EventCountry "HUN"]
[SourceTitle "CBM 172 Extra"]
[Source "ChessBase"]
[SourceDate "2016.06.21"]
[SourceVersion "1"]
[SourceVersionDate "2016.06.21"]
[SourceQuality "1"]

1. d4 e6 2. c4 f5 3. Nf3 Nf6 4. Nc3 Bb4 5. Qb3 a5 6. g3 b6 7. Bg2 Bb7 8. 0-0 0-0 9. Rd1 Qe8 10. Nb5 Na6 11. Bf4 Rc8 12. c5 d6 13. c6 Bxc6 14. Na7 Ba4 15. Qd3 Ra8 16. Qxa6 Bxd1 17. Rxd1 Qb8 18. a3 Qxa7 19. Qd3 Bxa3 20. bxa3 Rae8 21. Rc1 Kh8 22. Qc4 Re7 23. Ng5 Rfe8 24. Bc6 h6 25. Nf3 Rf8 26. Qc2 g5 27. Bd2 Qa6 28. Bc3 Qc8 29. Bb2 Rg7 30. e3 Kg8 31. Kg2 Rff7 32. Re1 Re7 33. Nd2 Rg6 34. e4 fxe4 35. Nxe4 Reg7 36. Re2 b5 37. Bxb5 Qb7 38. Bc6 Qa6 39. Bc1 Nxe4 40. Bxe4 Rf6 41. Be3 Re7 42. Re1 d5 43. Bd3 Qd6 44. Qc3 a4 45. Rb1 Rf8 46. Rb7 Ref7 47. Ra7 Qb6 48. Rxa4 e5 49. Ra6 exd4 50. Qxd4 1-0

[Event "Zalakaros op 35th"]
[Site "Zalakaros"]
[Date "2016.05.27"]
[Round "1"]
[White "Loos, Roland"]
[Black "Deac, Bogdan Daniel"]
[Result "1-0"]
[WhiteElo "2316"]
[BlackElo "2501"]
[PlyCount "101"]
[EventDate "2016.05.27"]
[EventType "swiss"]
[EventRounds "9"]
[EventCountry "HUN"]
[SourceTitle "CBM 172 Extra"]
[Source "ChessBase"]
[SourceDate "2016.06.21"]
[SourceVersion "1"]
[SourceVersionDate "2016.06.21"]
[SourceQuality "1"]

1. d4 Nf6 2. c4 e6 3. Nf3 d5 4. Nc3 c6 5. Bg5 Nbd7 6. e3 Qa5 7. cxd5 Nxd5 8. Qd2 Bb4 9. Rc1 b6 10. Bd3 Ba6 11. 0-0 Nxc3 12. bxc3 Ba3 13. Rcd1 0-0 14. e4 Rfe8 15. e5 Bf8 16. Rfe1 h6 17. Bf4 Bxd3 18. Qxd3 b5 19. Nd2 Qxa2 20. Re3 Qa4 21. Rde1 g6 22. Rg3 c5 23. h4 cxd4 24. h5 Bg7 25. hxg6 f6 26. cxd4 fxe5 27. Bxh6 Bxh6 28. Qf3 Rf8 29. Qc6 Qa2 30. Qxd7 Bg7 31. Nf3 Qd5 32. Qe7 Rae8 33. Qh4 Rf4 34. Qh7+ Kf8 35. Rxe5 Qd7 36. Qh5 b4 37. Qg5 Rf6 38. Qe3 Rf5 39. Rg5 Rxg5 40. Rxg5 Qc7 41. Rc5 Qd6 42. Ne5 Kg8 43. Rc6 Qe7 44. Qb3 a5 45. g3 Qf6 46. Rc7 Qd8 47. Rd7 Qg5 48. Qf3 Qf5 49. Rxg7+ Kxg7 50. Qb7+ Kf8 51. Qh7 1-0

[Event "Oberliga Bayern 1516"]
[Site "Bayern"]
[Date "2016.02.21"]
[Round "7.1"]
[White "Schuster, Karsten"]
[Black "Loos, Roland"]
[Result "0-1"]
[WhiteElo "2249"]
[BlackElo "2367"]
[PlyCount "90"]
[EventDate "2015.10.11"]
[EventType "team-tourn"]
[EventRounds "9"]
[EventCountry "GER"]
[SourceTitle "EXT 2018"]
[Source "ChessBase"]
[SourceDate "2017.10.13"]
[SourceVersion "1"]
[SourceVersionDate "2017.10.13"]
[SourceQuality "1"]
[WhiteTeam "Groebenzell"]
[BlackTeam "Regensburg Post/Sued"]
[WhiteTeamCountry "GER"]
[BlackTeamCountry "GER"]

1. d4 f5 2. c4 Nf6 3. g3 g6 4. Bg2 Bg7 5. Nf3 d6 6. 0-0 0-0 7. Nc3 Qe8 8. Re1 Nc6 9. e4 fxe4 10. Nxe4 Nxe4 11. Rxe4 a5 12. d5 Bf5 13. Rh4 Nb4 14. Ng5 Bf6 15. a3 Nd3 16. Nxh7 Bxh4 17. Nxf8 Qxf8 18. gxh4 Qf6 19. Qd2 Qxh4 20. b3 a4 21. b4 Kf7 22. Qe3 Rh8 23. h3 Qf6 24. Ra2 Rh4 25. Re2 Rxc4 26. Bd2 Nf4 27. Re1 Qg5 28. Qg3 Qxg3 29. fxg3 Nxg2 30. Kxg2 Rc2 31. Re2 Be4+ 32. Kg1 Bxd5 33. Rf2+ Ke8 34. Be1 Rc1 35. Re2 e5 36. Kf2 Ra1 37. Re3 Ra2+ 38. Kg1 Bb3 39. h4 Rxa3 40. g4 Ra2 41. h5 gxh5 42. gxh5 Bd5 43. Bc3 Rg2+ 44. Kf1 Rg5 45. h6 Rh5 0-1

[Event "Reykjavik op"]
[Site "Reykjavik"]
[Date "2015.03.11"]
[Round "3"]
[White "Valtysson, Thor"]
[Black "Loos, Roland"]
[Result "0-1"]
[WhiteElo "1974"]
[BlackElo "2337"]
[PlyCount "58"]
[EventDate "2015.03.10"]
[EventType "swiss"]
[EventRounds "10"]
[EventCountry "ISL"]
[SourceTitle "CBM 165 Extra"]
[Source "ChessBase"]
[SourceDate "2015.04.21"]
[SourceVersion "1"]
[SourceVersionDate "2015.04.21"]
[SourceQuality "1"]

1. d4 Nf6 2. Nf3 g6 3. Bg5 Bg7 4. Nbd2 0-0 5. e3 d6 6. Be2 Nbd7 7. 0-0 h6 8. Bh4 e5 9. dxe5 dxe5 10. c3 Qe8 11. Qc2 b6 12. a4 Nc5 13. Bxf6 Bxf6 14. a5 Bb7 15. axb6 axb6 16. e4 Qc6 17. Rxa8 Rxa8 18. Ne1 Qa4 19. b3 Qa2 20. Qd1 Rd8 21. Nef3 Nxe4 22. Qb1 Rxd2 23. Nxd2 Qxd2 24. Bc4 Kg7 25. Qa1 Qg5 26. Qa7 Nd6 27. f3 Qe3+ 28. Kh1 e4 29. f4 Qd2 0-1

[Event "Reykjavik op"]
[Site "Reykjavik"]
[Date "2015.03.10"]
[Round "1"]
[White "Ontiveros, John"]
[Black "Loos, Roland"]
[Result "0-1"]
[WhiteElo "1774"]
[BlackElo "2337"]
[PlyCount "78"]
[EventDate "2015.03.10"]
[EventType "swiss"]
[EventRounds "10"]
[EventCountry "ISL"]
[SourceTitle "CBM 165 Extra"]
[Source "ChessBase"]
[SourceDate "2015.04.21"]
[SourceVersion "1"]
[SourceVersionDate "2015.04.21"]
[SourceQuality "1"]

1. d4 Nf6 2. c4 e6 3. Nc3 Bb4 4. Qc2 0-0 5. a3 Bxc3+ 6. Qxc3 b6 7. Bg5 Bb7 8. Nf3 d6 9. g3 Nbd7 10. Bg2 a5 11. 0-0 a4 12. Nd2 Bxg2 13. Kxg2 h6 14. Bxf6 Qxf6 15. e4 e5 16. dxe5 dxe5 17. Nf3 Qe6 18. Rad1 f6 19. Nh4 Nc5 20. f3 Kh7 21. Nf5 Rae8 22. Rd5 Qc6 23. Rfd1 Rf7 24. Qd2 Nb3 25. Qd3 Qe6 26. Rd7 Nc5 27. Rxf7 Qxf7 28. Qd5 Kg8 29. Ne3 Re6 30. Qa8+ Re8 31. Rd8 Kf8 32. Nd5 Ne6 33. Rxe8+ Qxe8 34. Qxe8+ Kxe8 35. Kf2 Kd7 36. Ke3 Nc5 37. Kd2 h5 38. Ne3 Ne6 39. Nd5 Kd6 0-1

[Event "BL2-Ost 1415"]
[Site "Germany"]
[Date "2015.02.01"]
[Round "8.1"]
[White "Loos, Roland"]
[Black "Jirovsky, Milos"]
[Result "1/2-1/2"]
[WhiteElo "2310"]
[BlackElo "2455"]
[PlyCount "34"]
[EventDate "2014.10.18"]
[EventType "team-tourn"]
[EventRounds "10"]
[EventCountry "GER"]
[SourceTitle "CBM 166 Extra"]
[Source "ChessBase"]
[SourceDate "2015.06.18"]
[SourceVersion "1"]
[SourceVersionDate "2015.06.18"]
[SourceQuality "1"]
[WhiteTeam "Neutraubling Wacker"]
[BlackTeam "Forchheim"]
[WhiteTeamCountry "GER"]
[BlackTeamCountry "GER"]

1. d4 d5 2. c4 c6 3. Nc3 Nf6 4. Nf3 e6 5. e3 Nbd7 6. Qc2 b6 7. Be2 Bb7 8. 0-0 Be7 9. b3 0-0 10. Bb2 Rc8 11. Rfd1 Qc7 12. Rac1 Rfd8 13. Qb1 Qb8 14. Bd3 h6 15. Qa1 Qa8 16. cxd5 cxd5 17. a4 Ne4 1/2-1/2